| LEADER | 01215nam a2200217 4500 | ||
|---|---|---|---|
| 082 | |a 410 |b TR135Đ | ||
| 100 | |a Trần Đức Thảo | ||
| 245 | |a Tìm cội nguồn của ngôn ngữ và ý thức |c Trần Đức Thảo | ||
| 260 | |a H. |b Văn hóa thông tin |c 1996. | ||
| 300 | |a 357tr |c 20cm. | ||
| 520 | |a v...v | ||
| 653 | |a Ngôn ngữ | ||
| 653 | |a Ý thức | ||
| 653 | |a Cội nguồn | ||
| 942 | |2 ddc |c STK0 | ||
| 999 | |c 10497 |d 10497 | ||
| 952 | |0 0 |1 0 |2 ddc |4 0 |6 410_000000000000000_TR135Đ |7 0 |8 400 |9 82584 |a qbu |b qbu |c D2 |d 2015-07-28 |g 28000 |o 410 TR135Đ |p 10333.c1 |r 0000-00-00 |w 2015-07-28 |y STK0 | ||
| 952 | |0 0 |1 0 |2 ddc |4 0 |6 410_000000000000000_TR135Đ |7 0 |8 400 |9 82585 |a qbu |b qbu |c D2 |d 2015-07-28 |g 28000 |o 410 TR135Đ |p 10333.c2 |r 0000-00-00 |w 2015-07-28 |y STK0 | ||
| 952 | |0 0 |1 0 |2 ddc |4 0 |6 410_000000000000000_TR135Đ |7 0 |8 400 |9 82586 |a qbu |b qbu |c D2 |d 2015-07-28 |g 28000 |o 410 TR135Đ |p 10333.c3 |r 0000-00-00 |w 2015-07-28 |y STK0 | ||
| 952 | |0 0 |1 0 |2 ddc |4 0 |6 410_000000000000000_TR135Đ |7 0 |8 400 |9 82587 |a qbu |b qbu |c D2 |d 2015-07-28 |g 28000 |o 410 TR135Đ |p 10333.c4 |r 0000-00-00 |w 2015-07-28 |y STK0 | ||
| 952 | |0 0 |1 0 |2 ddc |4 0 |6 410_000000000000000_TR135Đ |7 0 |8 400 |9 82588 |a qbu |b qbu |c D2 |d 2015-07-28 |g 28000 |o 410 TR135Đ |p 10333.c5 |r 0000-00-00 |w 2015-07-28 |y STK0 | ||